Bromide characteristics and deformation mechanisms of naturally deformed rock salt of the German Zechstein Basin

Titel: Bromide characteristics and deformation mechanisms of naturally deformed rock salt of the German Zechstein Basin / Yvonne Küster. Gutachter: Helmut Klein ; Bent T. Hansen ; Bernd Leiss. Betreuer: Bernd Leiss
Verfasser:
Beteiligt: ; ;
Veröffentlicht: Göttingen : Niedersächsische Staats- und Universitätsbibliothek Göttingen, 2011
Umfang: 1 Online-Ressource
Format: E-Book
Sprache: Englisch
Hochschulschrift: Dissertation, Georg-August Universität Göttingen, 2011
Schlagworte:
Kein Bild verfügbar
X
alg: 33222818
001A    $06000:03-10-13 
001B    $06055:18-03-26 $t20:57:23.000 
001D    $06000:03-10-13 
001U    $0utf8 
001X    $00 
002@    $0Oax 
002C    $aText $btxt $2rdacontent 
002D    $aComputermedien $bc $2rdamedia 
002E    $aOnline-Ressource $bcr $2rdacarrier 
003@    $0332228185 
003O    $0859369252 $aOCoLC 
004U    $0urn:nbn:de:gbv:7-webdoc-3280-4 $S0 
006G    $01042264775 
006U    $013,O10 $f20130925 
007A    $01042264775 $aDNB 
009Q    $uhttp://nbn-resolving.de/urn:nbn:de:gbv:7-webdoc-3280-4 $xR 
009Q    $uhttp://d-nb.info/1042264775/34 $xN 
010@    $aeng 
011@    $a2011 
013D    $RWissenschaftliche Literatur $#Dissertations, Academic $#Thèses et écrits académiques $#Hochschulschrift $74113937-9 $8Hochschulschrift [Tsz] $9085338818 
021A    $aBromide characteristics and deformation mechanisms of naturally deformed rock salt of the German Zechstein Basin $hYvonne Küster. Gutachter: Helmut Klein ; Bent T. Hansen ; Bernd Leiss. Betreuer: Bernd Leiss 
028A    $BVerfasser $#Fischer, Yvonne $4aut $D20231015 $Ecgwrk $71047414961 $8Küster, Yvonne$Z1979- [Tp4] $9336355645 
028C    $BAkademischer Betreuer $#Leiss, B. $4dgs $7 $8Leiss, Bernd [Tnd] $914842774X 
028C    $BAkademischer Betreuer $#Kurain, Herumūto $#Klein, H. $4dgs $7 $8Klein, Helmut [Tnd] $9137596731 
028C    $BAkademischer Betreuer $4dgs $7 $8Hansen, Bent T. [Tnd] $9331641046 
033A    $pGöttingen $nNiedersächsische Staats- und Universitätsbibliothek Göttingen 
034D    $a1 Online-Ressource 
037C    $dDissertation $eGeorg-August Universität Göttingen $f2011 
044K    $D20251120 $Ecgmnf $74021634-2 $8Gorleben [Tg1] $908505285X 
044K    $RIngersleben $RMorsleben $D20251120 $Ecgmnf $74307720-1 $8Ingersleben-Morsleben [Tg1] $9086686003 
044K    $#Teutschenthal $#Teutschental $#Gemeinde Teutschenthal $D20251120 $Ecgmnf $74374451-5 $8Teutschenthal [Tg1] $9088362167 
044K    $RSalz $#Rock salt $#Sel gemme $#Salgemma $#Sal gema $#Halit $D20251120 $Ecgmnf $74137467-8 $8Steinsalz [Ts1] $9085515469 
044K    $REvaporit $#Evaporites $#Évaporites $#Salinargestein $D20251120 $Ecgmnf $74051432-8 $8Salzgestein [Ts1] $9085143480 
044K    $RGefügekunde $#Makrogefüge $#Gesteinsgefüge $D20251120 $Ecgmnf $74019701-3 $8Gefüge$gGesteinskunde [Ts1] $9085046892 
044K    $#Europa, Staßfurt-Folge $D20251120 $Ecgmnf $74619320-0 $8Staßfurt-Folge [Tg1] $9095202781 
044K    $RSalzgestein $D20251120 $Ecgmnf $74178956-8 $8Salinar [Ts1] $9085849863 
044K    $RStrukturgeologie $RSpannung $#Rock deformation $#Roches Déformation $#Strain $D20251120 $Ecgmnf $74409345-7 $8Deformation$gGeologie [Ts1] $9088583538 
044K    $RMechanische Eigenschaft $RFormänderungsvermögen $#Deformations (Mechanics) $#Déformations (mécanique) $#Verformungsverhalten $#Verformbarkeit $D20251120 $Ecgmnf $74148995-0 $8Deformationsverhalten [Ts1] $9085607991 
044K    $RVolumenhafter Fehler $#Igneous rocks Inclusions $#Metamorphic rocks Inclusions $#Inclusions $D20251120 $Ecgmnf $74013926-8 $8Einschluss [Ts1] $9085030872 
044K    $#Sulfates $#Sulfates $#Sulfatos $D20251120 $Ecgmnf $74138384-9 $8Sulfate [Ts1] $9085522597 
044K    $RLagerstätte $#Salt deposits $#Sel Gisements $#Yacimientos de sal $#Salzgebirge $#Salzformation $D20251120 $Ecgmnf $74131063-9 $8Salzlagerstätte [Ts1] $9085465984 
044K    $#Salt domes $#Dômes de sel $#Salzstock $#Diapir $#Salzdom $#Salzhorst $#Salzstöcke $D20251120 $Ecgmnf $74132533-3 $8Salzstock [Ts1] $908547729X 
044K    $RLagerstätte $RStreb $D20251120 $Ecgmnf $74154649-0 $8Flöz [Ts1] $9085654116 
044K    $RTektonik $#Salt tectonics $#Tectonique du sel $D20251120 $Ecgmnf $74137469-1 $8Salztektonik [Ts1] $9085515477 
044K    $RGeologie $RTektonik $#Geology, Structural $#Tectonique $D20251120 $Ecgmnf $74225664-1 $8Strukturgeologie [Ts1] $9086173448 
045E    $c910 

lok: 33222818 3
101B    $024-10-14 $t15:17:49.000 
101C    $024-10-14 
101U    $0utf8 
145S/01 $a041 

exp: 33222818 3 1 #EPN
201B/01 $004-10-13 $t22:55:06.000 
201U/01 $0utf8 
203@/01 $072153404X 
204U/01 $0urn:nbn:de:gbv:7-webdoc-3280-4 $S0 
208@/01 $a04-10-13 $bl 

lok: 33222818 5

exp: 33222818 5 1 #EPN
201B/01 $025-02-22 $t18:18:17.929 
201C/01 $025-02-22 
201U/01 $0utf8 
203@/01 $01183507089 
204U/01 $0urn:nbn:de:gbv:7-webdoc-3280-4 $S0 
208@/01 $a25-02-22 $bl 

lok: 33222818 8

exp: 33222818 8 1 #EPN
201B/01 $004-10-13 $t22:55:06.000 
201U/01 $0utf8 
203@/01 $0721534058 
204U/01 $0urn:nbn:de:gbv:7-webdoc-3280-4 $S0 
208@/01 $a04-10-13 $bl 

lok: 33222818 10

exp: 33222818 10 1 #EPN
201B/01 $004-10-13 $t22:55:06.000 
201U/01 $0utf8 
203@/01 $0721534066 
204U/01 $0urn:nbn:de:gbv:7-webdoc-3280-4 $S0 
208@/01 $a04-10-13 $bl 

lok: 33222818 11

exp: 33222818 11 1 #EPN
201B/01 $004-10-13 $t22:55:06.000 
201U/01 $0utf8 
203@/01 $0721534074 
204U/01 $0urn:nbn:de:gbv:7-webdoc-3280-4 $S0 
208@/01 $a04-10-13 $bl 

lok: 33222818 21

exp: 33222818 21 1 #EPN
201B/01 $004-10-13 $t22:55:06.000 
201U/01 $0utf8 
203@/01 $0721534104 
204U/01 $0urn:nbn:de:gbv:7-webdoc-3280-4 $S0 
208@/01 $a04-10-13 $bl 

lok: 33222818 23

exp: 33222818 23 1 #EPN
201B/01 $004-10-13 $t22:55:06.000 
201U/01 $0utf8 
203@/01 $0721534112 
204U/01 $0urn:nbn:de:gbv:7-webdoc-3280-4 $S0 
208@/01 $a04-10-13 $bl 

lok: 33222818 24

exp: 33222818 24 1 #EPN
201B/01 $004-10-13 $t22:55:06.000 
201U/01 $0utf8 
203@/01 $0721534120 
204U/01 $0urn:nbn:de:gbv:7-webdoc-3280-4 $S0 
208@/01 $a04-10-13 $bl 

lok: 33222818 25

exp: 33222818 25 1 #EPN
201B/01 $004-10-13 $t22:55:06.000 
201U/01 $0utf8 
203@/01 $0721534139 
204U/01 $0urn:nbn:de:gbv:7-webdoc-3280-4 $S0 
208@/01 $a04-10-13 $bl 

lok: 33222818 36

exp: 33222818 36 1 #EPN
201B/01 $025-02-22 $t22:54:47.403 
201C/01 $025-02-22 
201U/01 $0utf8 
203@/01 $01183686048 
204U/01 $0urn:nbn:de:gbv:7-webdoc-3280-4 $S0 
208@/01 $a25-02-22 $bl 

lok: 33222818 107

exp: 33222818 107 1 #EPN
201B/01 $013-03-20 $t18:20:17.765 
201C/01 $013-03-20 
201U/01 $0utf8 
203@/01 $01086984803 
204U/01 $0urn:nbn:de:gbv:7-webdoc-3280-4 $S0 
208@/01 $a13-03-20 $bl 

lok: 33222818 108

exp: 33222818 108 1 #EPN
201B/01 $013-03-20 $t18:20:17.768 
201C/01 $013-03-20 
201U/01 $0utf8 
203@/01 $01086984811 
204U/01 $0urn:nbn:de:gbv:7-webdoc-3280-4 $S0 
208@/01 $a13-03-20 $bl 

lok: 33222818 204

exp: 33222818 204 1 #EPN
201B/01 $004-10-13 $t22:55:06.000 
201U/01 $0utf8 
203@/01 $072153418X 
204U/01 $0urn:nbn:de:gbv:7-webdoc-3280-4 $S0 
208@/01 $a04-10-13 $bl 

lok: 33222818 205

exp: 33222818 205 1 #EPN
201B/01 $004-10-13 $t22:55:06.000 
201U/01 $0utf8 
203@/01 $0721534198 
204U/01 $0urn:nbn:de:gbv:7-webdoc-3280-4 $S0 
208@/01 $a04-10-13 $bl
LEADER 00000cam a22000002c 4500
001 332228185
003 DE-603
005 20260318205723.0
007 cr||||||||||||
008 131003s2011 xx |||| om u00||u|eng
015 |a 13,O10  |2 dnb 
016 7 |2 DE-101  |a 1042264775 
024 7 |a urn:nbn:de:gbv:7-webdoc-3280-4  |2 urn 
035 |a (DE-599)DNB1042264775 
035 |a (OCoLC)859369252 
040 |a DE-603  |b ger  |c DE-603  |d DE-603 
041 |a eng 
084 |a 910  |q DE-101  |2 sdnb 
100 1 |a Küster, Yvonne  |d 1979-  |e Verfasser  |4 aut  |0 (DE-603)336355645  |0 (DE-588)1047414961  |2 gnd 
245 0 0 |a Bromide characteristics and deformation mechanisms of naturally deformed rock salt of the German Zechstein Basin  |c Yvonne Küster. Gutachter: Helmut Klein ; Bent T. Hansen ; Bernd Leiss. Betreuer: Bernd Leiss 
264 1 |a Göttingen  |b Niedersächsische Staats- und Universitätsbibliothek Göttingen  |c 2011 
300 |a 1 Online-Ressource 
336 |a Text  |b txt  |2 rdacontent 
337 |a Computermedien  |b c  |2 rdamedia 
338 |a Online-Ressource  |b cr  |2 rdacarrier 
502 |b Dissertation  |c Georg-August Universität Göttingen  |d 2011 
650 7 |a Steinsalz  |0 (DE-588)4137467-8  |0 (DE-603)085515469  |2 gnd 
650 7 |a Salzgestein  |0 (DE-588)4051432-8  |0 (DE-603)085143480  |2 gnd 
650 7 |a Gefüge  |g Gesteinskunde  |0 (DE-588)4019701-3  |0 (DE-603)085046892  |2 gnd 
650 7 |a Salinar  |0 (DE-588)4178956-8  |0 (DE-603)085849863  |2 gnd 
650 7 |a Deformation  |g Geologie  |0 (DE-588)4409345-7  |0 (DE-603)088583538  |2 gnd 
650 7 |a Deformationsverhalten  |0 (DE-588)4148995-0  |0 (DE-603)085607991  |2 gnd 
650 7 |a Einschluss  |0 (DE-588)4013926-8  |0 (DE-603)085030872  |2 gnd 
650 7 |a Sulfate  |0 (DE-588)4138384-9  |0 (DE-603)085522597  |2 gnd 
650 7 |a Salzlagerstätte  |0 (DE-588)4131063-9  |0 (DE-603)085465984  |2 gnd 
650 7 |a Salzstock  |0 (DE-588)4132533-3  |0 (DE-603)08547729X  |2 gnd 
650 7 |a Flöz  |0 (DE-588)4154649-0  |0 (DE-603)085654116  |2 gnd 
650 7 |a Salztektonik  |0 (DE-588)4137469-1  |0 (DE-603)085515477  |2 gnd 
650 7 |a Strukturgeologie  |0 (DE-588)4225664-1  |0 (DE-603)086173448  |2 gnd 
651 7 |a Gorleben  |0 (DE-588)4021634-2  |0 (DE-603)08505285X  |2 gnd 
651 7 |a Ingersleben-Morsleben  |0 (DE-588)4307720-1  |0 (DE-603)086686003  |2 gnd 
651 7 |a Teutschenthal  |0 (DE-588)4374451-5  |0 (DE-603)088362167  |2 gnd 
651 7 |a Staßfurt-Folge  |0 (DE-588)4619320-0  |0 (DE-603)095202781  |2 gnd 
655 7 |a Hochschulschrift  |2 gnd-content  |0 (DE-588)4113937-9  |0 (DE-603)085338818 
700 1 |a Leiss, Bernd  |e Akademischer Betreuer  |4 dgs  |0 (DE-603)14842774X 
700 1 |a Klein, Helmut  |e Akademischer Betreuer  |4 dgs  |0 (DE-603)137596731 
700 1 |a Hansen, Bent T.  |e Akademischer Betreuer  |4 dgs  |0 (DE-603)331641046 
856 |u http://nbn-resolving.de/urn:nbn:de:gbv:7-webdoc-3280-4  |x Resolving-System 
856 |u http://d-nb.info/1042264775/34  |x Langzeitarchivierung Nationalbibliothek 
924 1 |9 603  |a (DE-603)72153404X  |b DE-603  |c HES  |d d 
924 1 |9 603  |a (DE-603)1183507089  |b DE-603  |c HES  |d d 
924 1 |9 603  |a (DE-603)721534058  |b DE-603  |c HES  |d d 
924 1 |9 603  |a (DE-603)721534066  |b DE-603  |c HES  |d d 
924 1 |9 603  |a (DE-603)721534074  |b DE-603  |c HES  |d d 
924 1 |9 603  |a (DE-603)721534104  |b DE-603  |c HES  |d d 
924 1 |9 603  |a (DE-603)721534112  |b DE-603  |c HES  |d d 
924 1 |9 603  |a (DE-603)721534120  |b DE-603  |c HES  |d d 
924 1 |9 603  |a (DE-603)721534139  |b DE-603  |c HES  |d d 
924 1 |9 603  |a (DE-603)1183686048  |b DE-603  |c HES  |d d 
924 1 |9 603  |a (DE-603)1086984803  |b DE-603  |c HES  |d d 
924 1 |9 603  |a (DE-603)1086984811  |b DE-603  |c HES  |d d 
924 1 |9 603  |a (DE-603)72153418X  |b DE-603  |c HES  |d d 
924 1 |9 603  |a (DE-603)721534198  |b DE-603  |c HES  |d d